000
00264nam a2200097 4500
082
_a
823.91,QAY
100
_a
Maj Gen (R) Abdul Qayoom
_9
107968
245
_a
Belated Swan Song a Military Biography /
260
_6
Rawalpindi
_a
Education Press
_b
2020
942
_2
ddc
_c
BK
999
_c
593041
_d
593041